Loading...

Randam Lokamahayudham

Bibliografiske detaljer
Hovedforfatter: Nidheeri , Abraham M
Format: Printed Book
Udgivet: Thiruvananthapuram State institute of Languages 2013
Fag:
LEADER 00491nam a22001457a 4500
020 |a 9788176385039 
082 |a 940.53 
100 |a Nidheeri , Abraham M 
245 |a Randam Lokamahayudham 
260 |a Thiruvananthapuram  |b State institute of Languages  |c 2013 
300 |a 587p 
650 |a Worldwar 
942 |c REF 
999 |c 290160  |d 290160 
952 |0 0  |1 0  |4 0  |6 940_530000000000000_NID_R  |7 0  |8 RUSA  |9 330311  |a HIS  |b HIS  |c REF  |d 2016-07-04  |g 280.00  |i 25252  |l 0  |o 940.53 NID / R  |p HIS25252  |r 2016-07-04  |w 2016-07-04  |y REF